000 00477nam a2200181 u 4500
005 20230602063739.0
008 081125s2000 mx r 000 0 spa d
020 _a9702401062
035 _aUPN01000168182
049 _aCG
050 4 _aPQ7298.31 R7.3
_bA4.5
100 1 _aUrroz, Eloy,
_d1967-
_934097
245 1 4 _aLas almas abatidas /
_cEloy Urroz.
260 _aMéxico :
_bNueva Imagen,
_c2000.
300 _a341 p.
650 4 _aNovela mexicana
_94557
905 _aLibro
999 _c140289
_d140289